La autocartera: aspectos jurídicos, fiscales y contables de los negocios sobre las propias acciones. Casos prácticos

Salvato in:
Dettagli Bibliografici
Autori principali: Puerto Sánchez, Antonio del (Autore), Puerto Sánchez, José del (Autore)
Natura: Libro
Lingua:spagnolo
Pubblicazione: Barcelona Bosch 1993
Soggetti:
Tags: Aggiungi Tag
Nessun Tag, puoi essere il primo ad aggiungerne!!

MARC

LEADER 00000nam a2200000 a 4500
001 UCP6248
003 CL-VaPUC
008 991015e19930000SP |||||||||||||||||spa|d
082 0 4 |a 346.092  |b PUE  |2 21 
100 0 |a Puerto Sánchez, Antonio del  |e author  |9 435235 
700 0 |a Puerto Sánchez, José del  |e author  |9 435236 
245 1 3 |a La autocartera: aspectos jurídicos, fiscales y contables de los negocios sobre las propias acciones. Casos prácticos 
300 |a 203 p 
942 |c BK 
945 |d 19991015 00:00:00  |a vberengu 
260 |a Barcelona  |b Bosch  |c 1993 
650 0 |a Derecho comercial   |9 256340 
650 0 |a Acciones  |9 334173 
650 0 |a Sociedades anónimas  |9 255387 
650 0 |a Capital   |9 263726 
650 0 |a Acumulación de capital  |9 383921 
583 |a last modification  |c 19991015 00:00:00  |k Rodrigo Vera 
999 |c 283851  |d 283849 
952 |0 0  |1 0  |4 0  |6 346_092000000000000_PUE_1993  |7 0  |8 A  |9 327337  |a BIBDER  |b BIBDER  |d 2019-11-20  |i 3492125  |o 346.092 PUE 1993  |p 3492125  |r 2023-01-25  |w 2019-11-20  |y BK  |k DER